000 00383nam a2200121Ia 4500
008 220214s9999 xx 000 0 und d
245 0 _aDocumentation in Public Administration
260 _bIndian Institute of Public Administration
_aNew Delhi
500 _aEnding Volume & Year: 7, 1979
500 _aMissing Volume: 2-3;5-6
500 _aStarting Volume & Year: 1, 1973
942 _cBJ
999 _c4589
_d4589